Taller de frutas y hortalizas / (Record no. 173364)
[ view plain ]
| 000 -CABECERA | |
|---|---|
| campo de control de longitud fija | 01311nam a2200373Ia 4500 |
| 001 - NÚMERO DE CONTROL | |
| campo de control | dia_2866 |
| 003 - IDENTIFICADOR DEL NÚMERO DE CONTROL | |
| campo de control | CHAP |
| 005 - FECHA Y HORA DE LA ÚLTIMA TRANSACCIÓN | |
| campo de control | 20230331095817.0 |
| 008 - DATOS DE LONGITUD FIJA--INFORMACIÓN GENERAL | |
| campo de control de longitud fija | 220117s1981 xx 000 0 und d |
| 010 ## - NÚMERO DE CONTROL DE LA BIBLIOTECA DEL CONGRESO | |
| Número de control de LC | 173364 |
| 020 ## - NÚMERO INTERNACIONAL ESTÁNDAR DEL LIBRO | |
| Número Internacional Estándar del Libro | 968-24-1103-3 |
| 040 ## - FUENTE DE LA CATALOGACIÓN | |
| Centro/agencia transcriptor | CHAP |
| 082 ## - NÚMERO DE LA CLASIFICACIÓN DECIMAL DEWEY | |
| Número de clasificación | 664.807152 P35 1981 |
| 100 ## - ENTRADA PRINCIPAL--NOMBRE DE PERSONA | |
| Nombre de persona | Paltrinieri, Gaetano |
| 9 (RLIN) | 85035 |
| 245 ## - MENCIÓN DE TÍTULO | |
| Título | Taller de frutas y hortalizas / |
| Mención de responsabilidad, etc. | Gaetano Paltrinieri y Johan D. Berlijn ; colaboración Marco R. Meyer...[et al.] |
| 260 ## - PUBLICACIÓN, DISTRIBUCIÓN, ETC. | |
| Lugar de publicación, distribución, etc. | México : |
| Nombre del editor, distribuidor, etc. | Trillas :, |
| -- | SEP, |
| Fecha de publicación, distribución, etc. | 1981 |
| 300 ## - DESCRIPCIÓN FÍSICA | |
| Extensión | 84 p. |
| 400 ## - MENCIÓN DE SERIE/PUNTO DE ACCESO ADICIONAL--NOMBRE DE PERSONA [OBSOLETO, CAN/MARC], [LOCAL, USA] | |
| Nombre de persona | MANUALES PARA EDUCACION AGROPECUARIA, 24 |
| 440 ## - MENCIÓN DE SERIE/PUNTO DE ACCESO ADICIONAL--TÍTULO | |
| Título | Manuales para educación agropecuaria. Área Industrias rurales ; 24 |
| 9 (RLIN) | 153639 |
| 503 ## - NOTA DE HISTORIA BIBLIOGRÁFICA (BK CF MU) [OBSOLETO] | |
| Nota de historia bibliográfica | C/e |
| 590 ## - NOTA LOCAL (RLIN) | |
| Nota local | SB354 P35 1981 |
| 650 ## - PUNTO DE ACCESO ADICIONAL DE MATERIA--TÉRMINO DE MATERIA | |
| Término de materia o nombre geográfico como elemento de entrada | Envasado de alimentos |
| 9 (RLIN) | 147758 |
| 650 ## - PUNTO DE ACCESO ADICIONAL DE MATERIA--TÉRMINO DE MATERIA | |
| Término de materia o nombre geográfico como elemento de entrada | Food packing |
| 9 (RLIN) | 148074 |
| 650 ## - PUNTO DE ACCESO ADICIONAL DE MATERIA--TÉRMINO DE MATERIA | |
| Término de materia o nombre geográfico como elemento de entrada | Fruits |
| Subdivisión general | Industry and marketing |
| 9 (RLIN) | 150438 |
| 650 ## - PUNTO DE ACCESO ADICIONAL DE MATERIA--TÉRMINO DE MATERIA | |
| Término de materia o nombre geográfico como elemento de entrada | Frutas |
| Subdivisión general | Industria y comercio |
| 9 (RLIN) | 150439 |
| 650 ## - PUNTO DE ACCESO ADICIONAL DE MATERIA--TÉRMINO DE MATERIA | |
| Término de materia o nombre geográfico como elemento de entrada | Vegetables |
| Subdivisión general | Industry and marketing |
| 9 (RLIN) | 150440 |
| 650 ## - PUNTO DE ACCESO ADICIONAL DE MATERIA--TÉRMINO DE MATERIA | |
| Término de materia o nombre geográfico como elemento de entrada | Vegetales |
| Subdivisión general | Industria y comercio |
| 9 (RLIN) | 150441 |
| 700 ## - PUNTO DE ACCESO ADICIONAL--NOMBRE DE PERSONA | |
| Nombre de persona | Berlijn, Johan D., coaut. |
| 9 (RLIN) | 150442 |
| 700 ## - PUNTO DE ACCESO ADICIONAL--NOMBRE DE PERSONA | |
| Nombre de persona | Meyer, Marco R., colab. |
| 9 (RLIN) | 140320 |
| 901 ## - ELEMENTOS DE DATOS A LOCAL LDA (RLIN) | |
| a | 664.807152 P35 1981 |
| 902 ## - ELEMENTOS DE DATOS B LOCAL, LDB (RLIN) | |
| a | M |
| 905 ## - ELEMENTOS DE DATOS E LOCAL, LDE (RLIN) | |
| a | 5232271981 mx a 8222223322spa16 |
| 942 ## - ELEMENTOS DE PUNTO DE ACCESO ADICIONAL (KOHA) | |
| Tipo de ítem Koha | Libro |
| Fuente del sistema de clasificación o colocación | Dewey Decimal Classification |
| Estado de retiro | Estado de pérdida | Fuente del sistema de clasificación o colocación | Estado dañado | No para préstamo | Código de colección | Localización permanente | Ubicación/localización actual | Fecha de adquisición | Información codificada de la localización en otra ubicación | Total de préstamos | Signatura topográfica completa | Código de barras | Fecha visto por última vez | Número de copia | Precio válido a partir de | Tipo de ítem Koha | Fecha del último préstamo |
|---|---|---|---|---|---|---|---|---|---|---|---|---|---|---|---|---|---|
| Dewey Decimal Classification | General | Ingenieria Agroindustrial | Ingenieria Agroindustrial | 18/01/2022 | 1 | 664.807152 P35 1981 | dia_004409 | 18/01/2022 | 2 | 18/01/2022 | Libro | ||||||
| Dewey Decimal Classification | General | Ingenieria Agroindustrial | Ingenieria Agroindustrial | 18/01/2022 | 1 | 1 | 664.807152 P35 1981 | dia_002499 | 26/05/2025 | 1 | 18/01/2022 | Libro | 26/05/2025 |
